000 00575nam a22001817a 4500
005 20251108175034.0
008 250721s2009 xx 000 0 ara d
082 1 4 _aم/306.09611/لبي
100 1 _aلبيض، سالم
245 1 0 _aالهوية : الإسلام العروبة التونسة /
264 1 _aبيروت :
_bمركز دراسات الوحدة العربية،
_c2009.
300 _a288 ص.
650 1 7 _aالثقافة الجماهيرية
650 1 7 _aالبيئة الثقافية
650 1 7 _aتونس
942 _2ddc
_cREF
999 _c124627
_d124627